[Event "C14"]
[Site "?"]
[Date "2016.08.07"]
[Round "14.3"]
[White "Szpar, Milosz"]
[Black "Mis, Mieszko"]
[Result "1-0"]
[LiveChessVersion "1.4.8"]
[BlackElo "1863"]
[WhiteElo "2000"]

1. e4 {[%clk 0:03:03]} c5 {[%clk 0:03:03]} 2. Nf3 {[%clk 0:03:04]} Nc6
{[%clk 0:03:04]} 3. d4 {[%clk 0:03:03]} cxd4 {[%clk 0:03:05]} 4. Nxd4
{[%clk 0:03:04]} Nf6 {[%clk 0:03:06]} 5. Nc3 {[%clk 0:03:02]} d6 {[%clk 0:03:06]}
6. Bg5 {[%clk 0:02:58]} e6 {[%clk 0:03:07]} 7. Qd2 {[%clk 0:02:59]} a6
{[%clk 0:03:08]} 8. O-O-O {[%clk 0:02:56]} Bd7 {[%clk 0:03:10]} 9. f4
{[%clk 0:02:45]} b5 {[%clk 0:03:09]} 10. a3 {[%clk 0:02:05]} Qb6 {[%clk 0:03:01]}
11. Nxc6 {[%clk 0:01:45]} Bxc6 {[%clk 0:02:54]} 12. e5 {[%clk 0:01:39]} Nd5
{[%clk 0:02:05]} 13. Ne4 {[%clk 0:01:12]} dxe5 {[%clk 0:01:36]} 14. fxe5
{[%clk 0:01:13]} Rc8 {[%clk 0:01:21]} 15. Bd3 {[%clk 0:00:52]} a5
{[%clk 0:01:13]} 16. Nd6+ {[%clk 0:00:36]} Bxd6 {[%clk 0:01:14]} 17. exd6
{[%clk 0:00:37]} O-O {[%clk 0:01:10]} 18. Qe2 {[%clk 0:00:27]} b4
{[%clk 0:00:49]} 19. axb4 {[%clk 0:00:28]} axb4 {[%clk 0:00:50]} 20. Qe4
{[%clk 0:00:14]} g6 {[%clk 0:00:42]} 21. Qh4 {[%clk 0:00:11]} f6 {[%clk 0:00:12]}
22. Bh6 {[%clk 0:00:10]} Rf7 {[%clk 0:00:10]} 23. Rhe1 {[%clk 0:00:10]} b3
{[%clk 0:00:08]} 24. c3 {[%clk 0:00:09]} Qa7 {[%clk 0:00:04]} 25. Kd2
{[%clk 0:00:06]} Rd8 {[%clk 0:00:05]} 26. Rxe6 {[%clk 0:00:06]} Bd7
{[%clk 0:00:06]} 27. Re2 {[%clk 0:00:06]} Qb6 {[%clk 0:00:06]} 28. Rde1
{[%clk 0:00:07]} Qxd6 {[%clk 0:00:06]} 29. Qd4 {[%clk 0:00:07]} Bc6
{[%clk 0:00:06]} 30. c4 {[%clk 0:00:07]} Nb4 {[%clk 0:00:05]} 1-0

[Event "C14"]
[Site "?"]
[Date "2016.08.07"]
[Round "14.4"]
[White "Kozak, Antoni"]
[Black "Kokoszczynski, Jan"]
[Result "1/2-1/2"]
[LiveChessVersion "1.4.8"]
[BlackElo "1837"]
[WhiteElo "1772"]

1. e4 {[%clk 0:03:03]} c5 {[%clk 0:03:02]} 2. Nf3 {[%clk 0:03:04]} d6
{[%clk 0:03:03]} 3. Bb5+ {[%clk 0:03:06]} Bd7 {[%clk 0:03:02]} 4. Bxd7+
{[%clk 0:03:06]} Qxd7 {[%clk 0:03:03]} 5. O-O {[%clk 0:03:06]} Nf6
{[%clk 0:03:04]} 6. Re1 {[%clk 0:03:07]} Nc6 {[%clk 0:03:04]} 7. c3
{[%clk 0:03:09]} g6 {[%clk 0:03:02]} 8. d4 {[%clk 0:03:10]} cxd4 9. cxd4
{[%clk 0:03:11]} Bg7 {[%clk 0:03:00]} 10. Nc3 {[%clk 0:03:11]} O-O
{[%clk 0:02:16]} 11. b3 {[%clk 0:03:13]} e6 {[%clk 0:02:03]} 12. Bb2
{[%clk 0:03:10]} Rfd8 {[%clk 0:01:56]} 13. d5 {[%clk 0:03:04]} exd5
{[%clk 0:01:18]} 14. Nxd5 {[%clk 0:02:58]} Nxd5 {[%clk 0:00:44]} 15. Bxg7
{[%clk 0:02:59]} Kxg7 {[%clk 0:00:43]} 16. Qxd5 {[%clk 0:02:59]} Qe6
{[%clk 0:00:41]} 17. Rad1 {[%clk 0:02:57]} Qxd5 {[%clk 0:00:19]} 18. exd5
{[%clk 0:02:53]} Nb4 {[%clk 0:00:21]} 19. Re7 {[%clk 0:02:23]} Nxa2
{[%clk 0:00:17]} 20. Rxb7 {[%clk 0:02:10]} Nc3 {[%clk 0:00:15]} 21. Rd3
{[%clk 0:02:01]} Ne4 {[%clk 0:00:14]} 22. Nd4 {[%clk 0:01:29]} Nc5
{[%clk 0:00:09]} 23. Ne6+ {[%clk 0:01:30]} Kg8 {[%clk 0:00:07]} 24. Nxc5
{[%clk 0:01:29]} dxc5 {[%clk 0:00:08]} 25. Rc7 {[%clk 0:01:26]} Rac8
{[%clk 0:00:06]} 26. Rxa7 {[%clk 0:01:22]} c4 {[%clk 0:00:07]} 27. bxc4
{[%clk 0:01:23]} Rxc4 {[%clk 0:00:09]} 28. g3 {[%clk 0:01:22]} Rc5
{[%clk 0:00:09]} 29. d6 {[%clk 0:01:23]} Rc6 {[%clk 0:00:08]} 30. d7
{[%clk 0:01:19]} Kf8 {[%clk 0:00:09]} 31. Ra2 {[%clk 0:01:13]} Rc7
{[%clk 0:00:05]} 32. Rad2 {[%clk 0:01:10]} Ke7 {[%clk 0:00:07]} 33. Kg2
{[%clk 0:01:03]} Rcxd7 {[%clk 0:00:08]} 34. Re3+ {[%clk 0:01:02]} Kf8
{[%clk 0:00:09]} 35. Rxd7 {[%clk 0:01:03]} Rxd7 {[%clk 0:00:10]} 36. h4
{[%clk 0:01:03]} h5 {[%clk 0:00:11]} 37. Ra3 {[%clk 0:01:04]} Kg7
{[%clk 0:00:12]} 38. Kf3 {[%clk 0:01:05]} Rd6 {[%clk 0:00:13]} 39. Ra4
{[%clk 0:01:03]} Rf6+ {[%clk 0:00:14]} 40. Rf4 {[%clk 0:01:02]} Ra6
{[%clk 0:00:16]} 41. Re4 {[%clk 0:01:03]} Rf6+ {[%clk 0:00:17]} 42. Ke3
{[%clk 0:01:04]} Ra6 {[%clk 0:00:18]} 1/2-1/2

[Event "C14"]
[Site "?"]
[Date "2016.08.07"]
[Round "14.5"]
[White "Ochowicz, Jakub"]
[Black "Kucharski, Bartlomiej"]
[Result "0-1"]
[LiveChessVersion "1.4.8"]
[BlackElo "1590"]
[WhiteElo "1786"]

1. e4 d5 2. exd5 Nf6 3. Nf3 Nxd5 4. d4 Bf5 5. c4 Nb4 6. Na3 e6 7. Be2 Be7 8. Be3
N4c6 9. O-O Bxa3 10. bxa3 O-O 11. Qb3 Na5 12. Qc3 Nac6 13. Rfd1 Nd7 14. Bd3 Bg4
15. Be4 Nf6 16. Bxc6 bxc6 17. Bf4 Qe7 18. Qe3 Rfd8 19. h3 Bf5 20. Ne5 Qe8 21. g4
Bg6 22. Nxg6 hxg6 23. Bxc7 Rd7 24. Be5 Qe7 25. Rab1 Rad8 26. Rb3 Ne8 27. Rbd3 f6
28. Bg3 Nd6 29. Bxd6 Qxd6 30. c5 Qd5 31. f3 e5 32. Qe4 Qxe4 33. fxe4 Rxd4 34.
Rxd4 Rxd4 35. Rxd4 exd4 36. Kf2 Kf7 37. Ke2 Ke6 38. Kd3 Ke5 39. a4 a5 40. a3 g5
41. Ke2 Kxe4 42. Kd2 Kd5 43. Kd3 Kxc5 44. Ke4 Kc4 45. Kf5 d3 46. Kg6 d2 47. Kxg7
d1=Q 48. Kxf6 Qd2 49. Kf5 Qf4+ 50. Kg6 Kd5 51. Kh5 Ke6 52. h4 gxh4 53. Kxh4 c5
54. Kh5 c4 55. g5 Qxg5+ 56. Kxg5 c3 57. Kf4 c2 58. Ke3 c1=Q+ 59. Kd4 Qxa3 60. Kc4
Qxa4+ 61. Kc3 Qb4+ 62. Kc2 Qa3 63. Kb1 Kd5 64. Kc2 a4 65. Kb1 Kd4 66. Kc2 Qb3+
67. Kc1 Qa2 68. Kd1 Kd3 69. Ke1 Qe2# 0-1

[Event "C14"]
[Site "?"]
[Date "2016.08.07"]
[Round "15.1"]
[White "Kosakowski, Jakub"]
[Black "Teclaf, Pawel"]
[Result "1-0"]
[LiveChessVersion "1.4.8"]
[BlackElo "2233"]
[WhiteElo "2191"]

1. e4 {[%clk 0:03:03]} c5 {[%clk 0:03:04]} 2. Nf3 {[%clk 0:03:04]} d6
{[%clk 0:03:05]} 3. d4 {[%clk 0:03:05]} cxd4 4. Nxd4 {[%clk 0:03:07]} Nf6
{[%clk 0:03:07]} 5. Nc3 {[%clk 0:03:08]} a6 {[%clk 0:03:08]} 6. h3
{[%clk 0:03:09]} e6 {[%clk 0:03:07]} 7. g4 {[%clk 0:03:10]} Nfd7 {[%clk 0:03:08]}
8. Be3 {[%clk 0:03:06]} b5 {[%clk 0:03:09]} 9. Bg2 {[%clk 0:03:05]} Bb7
{[%clk 0:03:10]} 10. Qe2 {[%clk 0:03:03]} Be7 {[%clk 0:02:59]} 11. O-O-O
{[%clk 0:03:02]} Qc7 {[%clk 0:02:56]} 12. Kb1 {[%clk 0:02:59]} Nb6
{[%clk 0:02:57]} 13. f4 {[%clk 0:02:50]} Nc4 {[%clk 0:02:56]} 14. f5
{[%clk 0:02:32]} e5 {[%clk 0:02:48]} 15. Nb3 {[%clk 0:02:33]} Nd7
{[%clk 0:02:44]} 16. g5 {[%clk 0:02:29]} Rc8 {[%clk 0:02:43]} 17. Bc1
{[%clk 0:02:23]} Ndb6 {[%clk 0:02:10]} 18. f6 {[%clk 0:02:22]} gxf6
{[%clk 0:01:51]} 19. gxf6 {[%clk 0:02:23]} Bf8 {[%clk 0:01:46]} 20. Nd5
{[%clk 0:02:13]} Bxd5 {[%clk 0:01:40]} 21. exd5 {[%clk 0:02:14]} Na4
{[%clk 0:01:38]} 22. Rd3 {[%clk 0:02:00]} Nab6 {[%clk 0:00:51]} 23. Nd4
{[%clk 0:01:51]} Qb7 {[%clk 0:00:29]} 24. Nc6 {[%clk 0:01:50]} Nd7
{[%clk 0:00:30]} 25. Rf1 {[%clk 0:01:33]} Qc7 {[%clk 0:00:26]} 26. Rg3
{[%clk 0:01:31]} Na5 {[%clk 0:00:25]} 27. Qh5 {[%clk 0:01:27]} Nxc6
{[%clk 0:00:17]} 28. dxc6 {[%clk 0:01:28]} Nb8 {[%clk 0:00:05]} 29. Bd5
{[%clk 0:01:10]} Nxc6 {[%clk 0:00:03]} 30. Be6 {[%clk 0:01:10]} Rb8
{[%clk 0:00:03]} 31. Rc3 {[%clk 0:01:11]} Qb7 {[%clk 0:00:03]} 32. Bd5
{[%clk 0:01:08]} Rc8 {[%clk 0:00:05]} 33. Be3 {[%clk 0:01:01]} Kd8
{[%clk 0:00:05]} 34. Bxf7 {[%clk 0:01:01]} b4 {[%clk 0:00:05]} 35. Rc4
{[%clk 0:01:01]} Na5 36. Rxc8+ {[%clk 0:01:01]} Kxc8 {[%clk 0:00:06]} 37. Be6+
{[%clk 0:01:02]} Kb8 {[%clk 0:00:07]} 38. Qe8+ {[%clk 0:01:03]} Kc7
{[%clk 0:00:05]} 39. Qd7+ {[%clk 0:01:04]} Kb8 {[%clk 0:00:07]} 40. Qd8+
{[%clk 0:01:06]} 1-0

[Event "C14"]
[Site "?"]
[Date "2016.08.07"]
[Round "15.2"]
[White "Psyk, Radoslaw"]
[Black "Szpar, Milosz"]
[Result "0-1"]
[LiveChessVersion "1.4.8"]
[BlackElo "2000"]
[WhiteElo "2089"]

1. e4 {[%clk 0:03:02]} c5 {[%clk 0:03:03]} 2. Nc3 {[%clk 0:02:59]} Nc6
{[%clk 0:03:04]} 3. f4 {[%clk 0:03:00]} g6 {[%clk 0:03:05]} 4. Nf3
{[%clk 0:03:01]} Bg7 {[%clk 0:03:06]} 5. g3 {[%clk 0:02:55]} e6 {[%clk 0:03:05]}
6. Bg2 {[%clk 0:02:57]} d6 {[%clk 0:03:06]} 7. O-O {[%clk 0:02:57]} Nge7
{[%clk 0:03:07]} 8. d3 {[%clk 0:02:54]} O-O {[%clk 0:03:06]} 9. h3
{[%clk 0:02:45]} Rb8 {[%clk 0:02:56]} 10. g4 {[%clk 0:02:42]} f5 {[%clk 0:02:57]}
11. Qe1 {[%clk 0:02:18]} Nd4 {[%clk 0:02:42]} 12. Nxd4 {[%clk 0:02:04]} cxd4
{[%clk 0:02:43]} 13. Ne2 {[%clk 0:01:35]} e5 {[%clk 0:02:45]} 14. gxf5
{[%clk 0:01:32]} gxf5 {[%clk 0:02:46]} 15. fxe5 {[%clk 0:01:30]} dxe5
{[%clk 0:02:45]} 16. exf5 {[%clk 0:01:25]} Nxf5 {[%clk 0:02:30]} 17. Ng3
{[%clk 0:01:08]} Kh8 {[%clk 0:02:08]} 18. Nh5 {[%clk 0:00:48]} Qe7
{[%clk 0:01:51]} 19. Bd2 {[%clk 0:00:46]} Be6 {[%clk 0:01:46]} 20. Bb4
{[%clk 0:00:44]} Qg5 {[%clk 0:01:31]} 21. Bxf8 {[%clk 0:00:39]} Rxf8
{[%clk 0:01:27]} 22. Nxg7 {[%clk 0:00:37]} Qxg7 {[%clk 0:01:28]} 23. Qe4
{[%clk 0:00:33]} Rg8 {[%clk 0:01:22]} 24. Rf2 {[%clk 0:00:21]} Ne3 25. Qh4
{[%clk 0:00:06]} Nxg2 {[%clk 0:01:11]} 26. Qf6 {[%clk 0:00:07]} Qxf6
{[%clk 0:00:41]} 27. Rxf6 {[%clk 0:00:08]} Nf4+ {[%clk 0:00:41]} 28. Kf2
{[%clk 0:00:05]} Rg2+ {[%clk 0:00:40]} 29. Kf1 {[%clk 0:00:06]} Bxh3
{[%clk 0:00:37]} 30. Ke1 {[%clk 0:00:07]} Rg1+ {[%clk 0:00:37]} 31. Kf2
{[%clk 0:00:08]} Rxa1 {[%clk 0:00:37]} 32. Rf8+ {[%clk 0:00:09]} Kg7
{[%clk 0:00:38]} 33. Rb8 {[%clk 0:00:11]} Rxa2 {[%clk 0:00:34]} 34. Rxb7+
{[%clk 0:00:12]} Kg6 {[%clk 0:00:33]} 35. Kg3 {[%clk 0:00:12]} Bf5
{[%clk 0:00:33]} 36. Rb5 {[%clk 0:00:10]} Kf6 {[%clk 0:00:26]} 37. Rb7
{[%clk 0:00:10]} h5 {[%clk 0:00:25]} 38. c4 {[%clk 0:00:06]} dxc3
{[%clk 0:00:25]} 39. bxc3 {[%clk 0:00:07]} Rg2+ {[%clk 0:00:24]} 40. Kf3
{[%clk 0:00:08]} Bg4+ {[%clk 0:00:25]} 41. Ke4 {[%clk 0:00:09]} Re2#
{[%clk 0:00:19]} 0-1

[Event "C14"]
[Site "?"]
[Date "2016.08.07"]
[Round "15.3"]
[White "Szczurek, Krzysztof"]
[Black "Pacan-milej, Kosma"]
[Result "1-0"]
[LiveChessVersion "1.4.8"]
[BlackElo "1703"]
[WhiteElo "1939"]

1. e4 {[%clk 0:03:03]} c5 {[%clk 0:03:04]} 2. c3 {[%clk 0:03:04]} d5
{[%clk 0:03:04]} 3. exd5 {[%clk 0:03:05]} Qxd5 {[%clk 0:03:05]} 4. d4
{[%clk 0:03:07]} g6 {[%clk 0:03:06]} 5. Nf3 {[%clk 0:03:07]} cxd4
{[%clk 0:02:58]} 6. cxd4 {[%clk 0:03:08]} Bg7 {[%clk 0:02:58]} 7. Nc3
{[%clk 0:03:09]} Qd8 {[%clk 0:02:59]} 8. Be3 {[%clk 0:03:08]} Nh6
{[%clk 0:02:40]} 9. Bb5+ {[%clk 0:02:45]} Bd7 {[%clk 0:02:26]} 10. O-O
{[%clk 0:02:24]} O-O {[%clk 0:02:20]} 11. Bd3 {[%clk 0:02:05]} Nf5
{[%clk 0:02:04]} 12. Be4 {[%clk 0:01:18]} Nc6 {[%clk 0:01:49]} 13. Qb3
{[%clk 0:00:47]} Nd6 {[%clk 0:01:26]} 14. Bd3 {[%clk 0:00:44]} Rb8
{[%clk 0:01:06]} 15. a3 {[%clk 0:00:42]} Bf5 {[%clk 0:00:58]} 16. Be2
{[%clk 0:00:37]} Ne4 {[%clk 0:00:30]} 17. Nxe4 {[%clk 0:00:36]} Bxe4
{[%clk 0:00:31]} 18. Rfd1 {[%clk 0:00:37]} Bd5 {[%clk 0:00:31]} 19. Qc2
{[%clk 0:00:36]} Rc8 {[%clk 0:00:31]} 20. Qd3 {[%clk 0:00:31]} a6
{[%clk 0:00:31]} 21. b4 {[%clk 0:00:31]} Na7 {[%clk 0:00:29]} 22. Rac1
{[%clk 0:00:29]} Nb5 {[%clk 0:00:28]} 23. a4 {[%clk 0:00:27]} Nd6
{[%clk 0:00:27]} 24. Ne5 {[%clk 0:00:24]} Be4 {[%clk 0:00:23]} 25. Qb3
{[%clk 0:00:22]} e6 {[%clk 0:00:22]} 26. Nf3 {[%clk 0:00:16]} Bd5
{[%clk 0:00:23]} 27. Qb1 {[%clk 0:00:15]} Qe7 {[%clk 0:00:23]} 28. Ne5
{[%clk 0:00:14]} Nf5 {[%clk 0:00:18]} 29. b5 {[%clk 0:00:11]} a5 {[%clk 0:00:18]}
30. Bf4 {[%clk 0:00:09]} f6 {[%clk 0:00:14]} 31. Nf3 {[%clk 0:00:09]} Nd6
{[%clk 0:00:12]} 32. Bxd6 {[%clk 0:00:06]} Qxd6 {[%clk 0:00:13]} 33. Qb2
{[%clk 0:00:07]} Rfd8 {[%clk 0:00:13]} 34. Rxc8 {[%clk 0:00:08]} Rxc8
{[%clk 0:00:14]} 35. Rc1 {[%clk 0:00:09]} Qd7 {[%clk 0:00:13]} 36. h3
{[%clk 0:00:10]} Bf8 {[%clk 0:00:13]} 37. Ne1 {[%clk 0:00:09]} b6
{[%clk 0:00:13]} 38. Nd3 {[%clk 0:00:09]} Bd6 {[%clk 0:00:13]} 39. Rxc8+
{[%clk 0:00:06]} Qxc8 {[%clk 0:00:14]} 40. Qd2 {[%clk 0:00:07]} Kg7
{[%clk 0:00:12]} 41. Nf4 {[%clk 0:00:08]} Bb4 {[%clk 0:00:09]} 42. Qe3
{[%clk 0:00:07]} Qd7 {[%clk 0:00:07]} 43. Bf3 {[%clk 0:00:07]} Bxf3
{[%clk 0:00:07]} 44. gxf3 {[%clk 0:00:07]} Kf7 {[%clk 0:00:07]} 45. Nd3
{[%clk 0:00:08]} Bf8 {[%clk 0:00:07]} 46. Qf4 {[%clk 0:00:08]} Qd6
{[%clk 0:00:06]} 47. Qe4 {[%clk 0:00:09]} Qd5 {[%clk 0:00:06]} 48. Qxd5 exd5 49.
Nf4 {[%clk 0:00:11]} Ba3 {[%clk 0:00:04]} 50. Nxd5 {[%clk 0:00:12]} Bb2
{[%clk 0:00:05]} 51. Nxb6 {[%clk 0:00:12]} Bxd4 52. Nc4 Bc3 {[%clk 0:00:05]} 53.
Kf1 {[%clk 0:00:14]} Ke7 {[%clk 0:00:06]} 54. Ke2 {[%clk 0:00:15]} Kd7
{[%clk 0:00:07]} 55. f4 {[%clk 0:00:15]} Kc7 {[%clk 0:00:08]} 56. Ke1 Bxe1
{[%clk 0:00:09]} 57. f3 {[%clk 0:00:16]} Kb7 {[%clk 0:00:08]} 58. Nd6+
{[%clk 0:00:16]} Kc7 {[%clk 0:00:09]} 59. Ne8+ {[%clk 0:00:16]} Kb6
{[%clk 0:00:09]} 60. Nxf6 {[%clk 0:00:16]} Kc5 {[%clk 0:00:10]} 61. Nd7+
{[%clk 0:00:16]} Kb4 {[%clk 0:00:10]} 62. b6 {[%clk 0:00:16]} Bg3
{[%clk 0:00:11]} 1-0

[Event "C14"]
[Site "?"]
[Date "2016.08.07"]
[Round "15.4"]
[White "Ochowicz, Jakub"]
[Black "Kokoszczynski, Jan"]
[Result "1-0"]
[LiveChessVersion "1.4.8"]
[BlackElo "1837"]
[WhiteElo "1786"]

1. e4 {[%clk 0:03:03]} c5 {[%clk 0:03:04]} 2. Nf3 {[%clk 0:03:04]} d6
{[%clk 0:03:05]} 3. d4 {[%clk 0:03:05]} cxd4 {[%clk 0:03:06]} 4. Nxd4
{[%clk 0:03:07]} Nf6 {[%clk 0:03:07]} 5. Nc3 {[%clk 0:03:08]} a6 {[%clk 0:03:08]}
6. Be3 {[%clk 0:03:07]} e6 {[%clk 0:03:09]} 7. Be2 {[%clk 0:03:07]} Nbd7
{[%clk 0:03:04]} 8. O-O {[%clk 0:03:03]} Be7 {[%clk 0:03:02]} 9. a4
{[%clk 0:02:58]} Qc7 {[%clk 0:02:58]} 10. a5 {[%clk 0:02:51]} O-O
{[%clk 0:02:55]} 11. f4 {[%clk 0:02:42]} Nc5 {[%clk 0:02:40]} 12. Bd3
{[%clk 0:02:43]} Rd8 {[%clk 0:02:22]} 13. Qf3 {[%clk 0:02:39]} Bd7
{[%clk 0:02:11]} 14. Qg3 {[%clk 0:02:05]} d5 {[%clk 0:01:15]} 15. e5
{[%clk 0:01:52]} Nfe4 {[%clk 0:01:15]} 16. Nxe4 {[%clk 0:01:34]} Nxe4
{[%clk 0:01:16]} 17. Qf3 {[%clk 0:01:24]} f5 {[%clk 0:00:43]} 18. exf6
{[%clk 0:01:06]} Nxf6 {[%clk 0:00:43]} 19. Qg3 {[%clk 0:00:46]} Bc5
{[%clk 0:00:36]} 20. c3 {[%clk 0:00:40]} Rf8 {[%clk 0:00:34]} 21. Rae1
{[%clk 0:00:20]} Rae8 {[%clk 0:00:35]} 22. Kh1 {[%clk 0:00:11]} Bxd4
{[%clk 0:00:14]} 23. Bxd4 {[%clk 0:00:12]} Qxa5 {[%clk 0:00:16]} 24. Qh4
{[%clk 0:00:08]} Bb5 {[%clk 0:00:12]} 25. Bxb5 {[%clk 0:00:05]} Qxb5
{[%clk 0:00:12]} 26. Rf2 {[%clk 0:00:04]} Qd7 {[%clk 0:00:11]} 27. Rfe2
{[%clk 0:00:05]} Ne4 {[%clk 0:00:11]} 28. Qg4 {[%clk 0:00:04]} g6
{[%clk 0:00:10]} 29. Rxe4 {[%clk 0:00:04]} dxe4 {[%clk 0:00:11]} 30. Rxe4
{[%clk 0:00:05]} Rf5 {[%clk 0:00:11]} 31. Qe2 {[%clk 0:00:04]} Qd5
{[%clk 0:00:10]} 32. Re5 {[%clk 0:00:04]} Rxe5 {[%clk 0:00:11]} 33. Bxe5
{[%clk 0:00:04]} Rd8 {[%clk 0:00:12]} 34. Bd4 b5 {[%clk 0:00:10]} 35. h3
{[%clk 0:00:06]} b4 {[%clk 0:00:11]} 36. Qxa6 {[%clk 0:00:06]} bxc3
{[%clk 0:00:12]} 37. bxc3 {[%clk 0:00:07]} Qe4 {[%clk 0:00:12]} 38. Qa7
{[%clk 0:00:05]} Rxd4 {[%clk 0:00:07]} 39. Qxd4 {[%clk 0:00:06]} Qc6
{[%clk 0:00:06]} 40. Kh2 {[%clk 0:00:06]} Kf7 {[%clk 0:00:07]} 41. Qa7+
{[%clk 0:00:06]} Kf6 {[%clk 0:00:08]} 42. Qxh7 {[%clk 0:00:06]} Qe4
{[%clk 0:00:08]} 43. Qh8+ {[%clk 0:00:06]} Kf7 {[%clk 0:00:08]} 44. Qe5
{[%clk 0:00:08]} Qc6 {[%clk 0:00:09]} 45. Qd4 {[%clk 0:00:07]} Ke7
{[%clk 0:00:07]} 46. Qb4+ {[%clk 0:00:08]} Kf6 {[%clk 0:00:07]} 47. Qd4+
{[%clk 0:00:08]} Ke7 {[%clk 0:00:08]} 48. Qg7+ {[%clk 0:00:08]} Kd6
{[%clk 0:00:08]} 49. Qxg6 {[%clk 0:00:08]} Qxc3 {[%clk 0:00:09]} 50. Qe4
{[%clk 0:00:08]} Qg7 {[%clk 0:00:09]} 51. Qd3+ {[%clk 0:00:07]} Ke7
{[%clk 0:00:09]} 52. Qa3+ {[%clk 0:00:08]} Kf8 {[%clk 0:00:03]} 1-0

[Event "C14"]
[Site "?"]
[Date "2016.08.07"]
[Round "15.5"]
[White "Kozak, Antoni"]
[Black "Polczyk, Mikolaj"]
[Result "0-1"]
[LiveChessVersion "1.4.8"]
[BlackElo "1830"]
[WhiteElo "1772"]

1. e4 c5 2. Nf3 d6 3. Bb5+ Bd7 4. Bxd7+ Qxd7 5. O-O Nc6 6. c3 Nf6 7. Re1 e6 8. d4
cxd4 9. cxd4 Be7 10. Nc3 O-O 11. d5 Nb4 12. a3 Na6 13. dxe6 fxe6 14. Bg5 Rad8 15.
Qe2 Nh5 16. Be3 Nf4 17. Bxf4 Rxf4 18. Rad1 Qe8 19. Qe3 Qf7 20. Qxa7 Nc5 21. b4
Nd7 22. Qxb7 Rxf3 23. gxf3 Ne5 24. Re3 Nxf3+ 25. Kf1 Nxh2+ 26. Ke2 Ng4 27. Rf3
Qe8 28. Qa6 Ne5 29. Rh3 Qg6 30. Rdh1 Qg4+ 31. f3 Qg2+ 32. Ke3 Bg5+ 33. f4 Ng4+
34. Kd4 Qd2+ 35. Kc4 Ne3+ 36. Kb3 Qc2# 0-1

[Event "C14"]
[Site "?"]
[Date "2016.08.07"]
[Round "16.1"]
[White "Teclaf, Pawel"]
[Black "Kosakowski, Jakub"]
[Result "1/2-1/2"]
[LiveChessVersion "1.4.8"]
[BlackElo "2191"]
[WhiteElo "2233"]

1. e4 {[%clk 0:03:03]} e5 {[%clk 0:03:03]} 2. Nf3 {[%clk 0:03:04]} Nc6
{[%clk 0:03:05]} 3. Bb5 {[%clk 0:03:05]} a6 {[%clk 0:03:06]} 4. Ba4
{[%clk 0:03:07]} Nf6 {[%clk 0:03:07]} 5. O-O {[%clk 0:03:08]} Nxe4
{[%clk 0:03:08]} 6. d4 {[%clk 0:03:04]} b5 {[%clk 0:03:08]} 7. Bb3
{[%clk 0:03:05]} d5 {[%clk 0:03:10]} 8. dxe5 {[%clk 0:03:06]} Be6
{[%clk 0:03:11]} 9. Be3 {[%clk 0:03:01]} Be7 {[%clk 0:03:06]} 10. Nbd2
{[%clk 0:02:50]} O-O {[%clk 0:03:05]} 11. Re1 {[%clk 0:02:44]} Qd7
{[%clk 0:02:47]} 12. c3 {[%clk 0:02:42]} Rad8 {[%clk 0:02:42]} 13. Bc2
{[%clk 0:02:22]} f5 {[%clk 0:02:42]} 14. exf6 {[%clk 0:02:07]} Nxf6
{[%clk 0:02:42]} 15. Qb1 {[%clk 0:02:03]} Kh8 {[%clk 0:02:43]} 16. Nb3
{[%clk 0:01:52]} Bg8 {[%clk 0:02:28]} 17. h3 {[%clk 0:01:45]} Nh5
{[%clk 0:02:16]} 18. Ng5 {[%clk 0:01:21]} Bxg5 {[%clk 0:02:09]} 19. Bxg5
{[%clk 0:01:22]} Rde8 {[%clk 0:02:10]} 20. Rxe8 {[%clk 0:01:14]} Rxe8
{[%clk 0:02:09]} 21. Qd1 {[%clk 0:01:15]} Bf7 {[%clk 0:02:07]} 22. Nd4
{[%clk 0:01:08]} Ne5 {[%clk 0:02:06]} 23. Bf5 {[%clk 0:01:05]} Qd6
{[%clk 0:02:07]} 24. b4 {[%clk 0:00:47]} Nc4 {[%clk 0:02:01]} 25. a4
{[%clk 0:00:36]} c6 {[%clk 0:01:54]} 26. axb5 {[%clk 0:00:36]} cxb5
{[%clk 0:01:55]} 27. Qf3 {[%clk 0:00:34]} Nf6 {[%clk 0:01:55]} 28. Bd3
{[%clk 0:00:32]} Ne5 {[%clk 0:01:55]} 29. Qd1 {[%clk 0:00:32]} Nxd3
{[%clk 0:01:54]} 30. Qxd3 {[%clk 0:00:33]} 1/2-1/2

[Event "C14"]
[Site "?"]
[Date "2016.08.07"]
[Round "16.2"]
[White "Szpar, Milosz"]
[Black "Psyk, Radoslaw"]
[Result "0-1"]
[LiveChessVersion "1.4.8"]
[BlackElo "2089"]
[WhiteElo "2000"]

1. e4 {[%clk 0:03:04]} Nf6 {[%clk 0:03:00]} 2. e5 {[%clk 0:03:03]} Nd5
{[%clk 0:03:02]} 3. d4 {[%clk 0:03:05]} d6 {[%clk 0:03:03]} 4. c4
{[%clk 0:03:06]} Nb6 {[%clk 0:03:05]} 5. exd6 {[%clk 0:03:07]} exd6
{[%clk 0:03:06]} 6. Nc3 {[%clk 0:03:07]} Be7 {[%clk 0:03:07]} 7. Nf3
{[%clk 0:03:07]} O-O {[%clk 0:03:05]} 8. h3 {[%clk 0:03:06]} Bf6 {[%clk 0:03:05]}
9. Be2 {[%clk 0:03:06]} Be6 {[%clk 0:02:50]} 10. b3 {[%clk 0:02:47]} d5
{[%clk 0:02:51]} 11. c5 {[%clk 0:02:45]} N6d7 {[%clk 0:02:50]} 12. Bb2
{[%clk 0:02:39]} Nc6 {[%clk 0:02:45]} 13. O-O {[%clk 0:02:38]} Re8
{[%clk 0:02:45]} 14. a3 {[%clk 0:02:35]} b6 {[%clk 0:02:36]} 15. b4 bxc5
{[%clk 0:02:36]} 16. bxc5 {[%clk 0:02:13]} Rb8 {[%clk 0:02:37]} 17. Rb1
{[%clk 0:02:09]} Ne7 {[%clk 0:01:31]} 18. Bd3 {[%clk 0:01:58]} Nf5
{[%clk 0:01:27]} 19. Qa4 {[%clk 0:01:55]} a5 {[%clk 0:01:09]} 20. Nxd5
{[%clk 0:01:05]} Bxd5 {[%clk 0:01:00]} 21. Bxf5 {[%clk 0:01:06]} c6
{[%clk 0:00:30]} 22. Qc2 {[%clk 0:00:47]} Ba2 {[%clk 0:00:23]} 23. Ra1
{[%clk 0:00:34]} Bb3 {[%clk 0:00:24]} 24. Qc3 {[%clk 0:00:30]} g6
{[%clk 0:00:18]} 25. Bd3 {[%clk 0:00:29]} a4 {[%clk 0:00:10]} 26. Rfe1
{[%clk 0:00:25]} Nf8 27. Rac1 {[%clk 0:00:20]} Ne6 {[%clk 0:00:10]} 28. Be4
{[%clk 0:00:16]} Qc7 {[%clk 0:00:09]} 29. Ne5 {[%clk 0:00:13]} Bxe5
{[%clk 0:00:07]} 30. dxe5 {[%clk 0:00:14]} Rb5 {[%clk 0:00:08]} 31. Qe3
{[%clk 0:00:14]} Reb8 {[%clk 0:00:05]} 32. Ba1 {[%clk 0:00:15]} Rd8
{[%clk 0:00:04]} 33. Qf3 {[%clk 0:00:16]} Rxc5 {[%clk 0:00:04]} 34. Rxc5
{[%clk 0:00:15]} Nxc5 {[%clk 0:00:04]} 35. Bxc6 {[%clk 0:00:13]} Nd3
{[%clk 0:00:04]} 36. Re2 {[%clk 0:00:08]} Bd1 {[%clk 0:00:05]} 37. Be4
{[%clk 0:00:09]} Bxe2 {[%clk 0:00:05]} 38. Qxe2 Qc1+ {[%clk 0:00:06]} 39. Kh2
{[%clk 0:00:09]} Qf4+ {[%clk 0:00:07]} 40. Kg1 {[%clk 0:00:08]} Qc1+
{[%clk 0:00:06]} 41. Kh2 {[%clk 0:00:10]} Qf4+ {[%clk 0:00:06]} 42. Kg1
{[%clk 0:00:11]} Qc1+ {[%clk 0:00:07]} 43. Kh2 {[%clk 0:00:12]} Qf4+
{[%clk 0:00:08]} 44. Kg1 {[%clk 0:00:10]} Qc1+ {[%clk 0:00:09]} 45. Kh2
{[%clk 0:00:09]} Qf4+ {[%clk 0:00:10]} 46. Kg1 {[%clk 0:00:08]} Nxe5 47. Bf3
{[%clk 0:00:00]} 0-1